000 00324nam a2200133Ia 4500
008 231129s1983||||xx |||||||||||||| ||spa||
020 _a68-24-1116-5
040 _bspa
082 _a633.18 A778a
245 0 _aArroz
260 _c1983
264 _aMéxico : Trillas
942 _2ddc
_cBKS
999 _c5610
_d5610